| 000 | 00585nam a2200229Ia 4500 | ||
|---|---|---|---|
| 003 | AR-RoIUNI | ||
| 005 | 20241122062743.0 | ||
| 008 | 150616s9999 xx 000 0 und d | ||
| 040 | _cIUNIR | ||
| 040 |
_dOCLC _cIUNIR |
||
| 080 | _a618 POM | ||
| 100 | 1 |
_aPomares, Domingo _947 _eDr. |
|
| 245 | 1 | _aManual de ginecología práctica | |
| 260 | _aCorrientes | ||
| 260 | _bClínica ginecológica (Cátedra II). Facultad de medicina (UNNE) | ||
| 260 | _c2005 | ||
| 300 | _a217 p. | ||
| 300 | _c29 cm. | ||
| 650 | 1 | 0 |
_aMedicina _958 |
| 650 | 1 | 4 |
_aGinecología _9100 |
| 942 |
_cBK _2cdu |
||
| 999 |
_c4761 _d4761 |
||